| 000 | 00719nam a2200205 a 4500 | ||
|---|---|---|---|
| 001 | 000018097 | ||
| 003 | AM-YEHGA | ||
| 005 | 20250617120651.0 | ||
| 008 | 001101s1964 ai |||||||||||||||||arm d | ||
| 040 | _aAM-YeHGA | ||
| 041 | 0 | _aarm | |
| 245 | 0 | 0 |
_aԲարոյականությունը կոմունիստների հասկացողությամբ / _cԿազմ. Ն.Վ. Բիչկովա, Ռ.Ա. Լավրով, Վ.Ա. Լյուբիշևա. |
| 260 |
_aԵրևան : _bՀայպետհրատ, _c1964. |
||
| 300 |
_a246 էջ ; _c16 սմ. |
||
| 700 | 1 |
_aԲիչկովա, Ն.Վ. _eկազմ. _4com |
|
| 700 | 1 |
_aԼավրով, Ռ.Ա. _eկազմ. _4com |
|
| 700 | 1 |
_aԼյուբիշևա, Վ.Ա. _eկազմ. _4com |
|
| 942 | _cBK | ||
| 090 | _c5785 | ||
| 999 |
_c5744 _d5744 |
||